Normal view
MARC view
- أبو العلاء المعري، أحمد بن عبد الله بن سليمان، 363-449 هجري
Entry Personal Name
001 - CONTROL NUMBER
- control field: 50539
003 - CONTROL NUMBER IDENTIFIER
- control field: JO-AjAnu
005 - DATE AND TIME OF LATEST TRANSACTION
- control field: 20230606082324.0
008 - FIXED-LENGTH DATA ELEMENTS
- fixed length control field: 230606|| aca||aabn | a|a d
040 ## - CATALOGING SOURCE
- Original cataloging agency: JO-AjAnu
- Transcribing agency: JO-AjAnu
100 ## - HEADING--PERSONAL NAME
- Personal name: أبو العلاء المعري، أحمد بن عبد الله بن سليمان، 363-449 هجري
670 ## - SOURCE DATA FOUND
- Source citation: Work cat.: (JO-AjAnu)25837: أبو العلاء المعري، أحمد بن عبد الله بن سليمان، 363-449 هجري, author, أبو العلاء المعري: شاعر اللزوميات